000 00680nam a22002417a 4500
001 70822
003 UA-OsUOA
005 20220501183120.0
007 ta
008 20100920b un ||||| |||| 00| 0 ukr d
020 _a966-8305-46-9
040 _aUA-OsUOA
_brus
_cUA-OsUOA
_dUA-OsUOA
041 _arus
080 _a82.09(470+571)
090 _a82.09(470+571)
_bК89
100 _aКузмин Н.
245 _aПоследний полет буревестника
260 _aК.
_bОріяни
_c2005
300 _a264 с.
650 7 _a82.09 Літературна критика. Літературні дослідження
_2UDC
942 _cBK
_2udc
955 _a2
999 _c357086
_d357086